Statistics for Clubs Represented at the 2023 U20 FIFA World Cup

Click here to take the quiz!

General Stats

  • This quiz has been taken 3 times
  • The average score is 36 of 314

Answer Stats

ClubCountryPlayersExamples% Correct
CorinthiansBrazil2Guilherme Biro
100%
New York Red BullsUnited States2Arián Recinos, Daniel Edelman
100%
PenarolUruguay4Mathías De Ritis
100%
AC MilanItaly1Victor Eletu
50%
Al-AhlyEgypt1Mohamed Dhaoudi
50%
AnderlechtBelgium1Nilson Angulo
50%
Argentinos JuniorsArgentina1Federico Redondo
50%
ArsenalEngland1Alexei Rojas
50%
Atlético NacionalColombia4Luis Marquinez
50%
Atlético Vega RealDominican Republic2Steven Martínez
50%
BaFiji5Nabil Begg
50%
BarcelonaSpain3Román Vega, Niko Takahashi, Derek Cuevas
50%
Bayern MunichGermany2Taichi Fukui, Mamin Sanyang
50%
Boca JuniorsArgentina2Lautaro Di Lollo
50%
Bristol CityEngland1Alex Scott
50%
ChelseaEngland2Gabriel Slonina, Harvey Vale
50%
Club BruggeBelgium1Joel Ordónez
50%
ComunicacionesGuatemala4Daniel Cardoza
50%
CruzeiroBrazil1Kaiki Bruno
50%
DanubioUruguay2Mateo Ponte
50%
Dynamo KyivUkraine1Samba Diallo
50%
FeyenoordNetherlands2Leo Sauer, Youssef Amyn
50%
FlamengoBrazil1Kaua Santos
50%
FortalezaColombia1Juan Diego Castillo
50%
FulhamEngland2Alex Borto, Devan Thanton
50%
GremioBrazil1Ronald
50%
Hajduk SplitCroatia1Rokas Pukstas
50%
Hapoel Tel AvivIsrael5Or Alon Israelov
50%
IndependienteEcuador6Cristhian Loor
50%
Independiente Santa FeColombia2Kevin Mantilla
50%
Inter MilanItaly4Valentín Carboni, Mattia Zanotti
50%
JuniorColombia1Jhon Vélez
50%
JuventusItaly3Matías Soulé, Riccardo Turicchia, Félix Nzouango
50%
LDU QuitoEcuador6Óscar Zambrano
50%
LilleFrance1Alan Virginius
50%
LiverpoolUruguay3Mateo Antoni
50%
LyonFrance2Chaim El Djebali, Sekou Lega
50%
Maccabi HaifaIsrael4Ilay Feingold
50%
Maccabi Tel AvivIsrael2Dor David Turgeman
50%
Manchester CityEngland1Máximo Perrone
50%
MillonariosColombia1Óscar Cortés
50%
MonacoFrance5Béchir Yacoub, Malamine Efekele
50%
MunicipalGuatemala7Randall Corado
50%
NacionalUruguay2Facundo Machado
50%
Newell's Old BoysArgentina1Brian Aguirre
50%
Norwich CityEngland1Marquinhos
50%
PalmeirasBrazil2Giovani
50%
Paris Saint-GermainFrance1Lucas Lavallee
50%
PSV EindhovenNetherlands2Tay Abed-Kassus, Sávio
50%
Queens Park RangersEngland1Alexander Aoraha
50%
RacingArgentina1Tomás Avilés
50%
Red Bull SalzburgAustria1Douglas Mendes
50%
ReimsFrance3Maiky de la Cruz, Thérence Koudou
50%
River PlateArgentina1Lucas Lavagnino
50%
River PlateUruguay2Juan Cruz de los Santos
50%
Rosario CentralArgentina2Alejo Véliz
50%
Saint-ÉtienneFrance1Jibril Othman
50%
San LorenzoArgentina1Agustín Giay
50%
SantosBrazil1Marcos Leonardo
50%
Slavia PragueCzech Republic1Ebrima Singhateh
50%
SouthamptonEngland1Samuel Edozie
50%
Sporting LisbonPortugal1Mateo Tanlongo
50%
ValenciaSpain1Facundo González
50%
Vasco de GamaBrazil2Andrey Santos
50%
Vélez SarsfieldArgentina1Valentín Gómez
50%
VfB StuttgartGermany1Anrie Chase
50%
WatfordEngland2Yáser Asprilla, Matheus Martins
50%
Zenit Saint PetersburgRussia1Robert Renan
50%
AaBDenmark1Adam Rasheed
0%
Abia WarriorsNigeria1Augustine Njoku
0%
AC HorsensDenmark1Alagie Saine
0%
AGMK OlmaliqUzbekistan1Nodir Abdurazzakov
0%
Al-KahrabaaIraq1Ali Jassem
0%
Al-KarkhIraq1Hussein Hassan
0%
Al-Mina'aIraq2Asher Ali
0%
Al-Quwa Al-JawiyaIraq1Kadhim Raad Hatem
0%
Al-ShortaIraq2Abdul-Razzak Qasim
0%
Al Sinaat Al-KahrabaiyaIraq1Mohamed Jameel
0%
Al-TalabaIraq1Abbad Majed
0%
Al-ZawraaIraq2Ali Sadiq
0%
Amanat BaghdadIraq1Abbad Manie
0%
América MineiroBrazil1Arthur
0%
AndijonUzbekistan1Sherzod Esanov
0%
AngersFrance1Ousmane Camara
0%
Aquila MontevarchiItaly1Filippo Fiumanó
0%
AscoliItaly1Samuel Giovane
0%
Athletico ParanaenseBrazil1Mycael
0%
Atlanta UnitedUnited States1Caleb Wiley
0%
AtlánticoDominican Republic2Yordy Álvarez
0%
Atlético PantojaDominican Republic3Kleffer Martes
0%
Atlético TucumánArgentina1Ignacio Maestro Puch
0%
AucasEcuador1Cristopher Zambrano
0%
Auckland UnitedNew Zealand1Aydin Mustahib
0%
Austin FCUnited States1Owen Wolff
0%
BahiaBrazil1André Dhominique
0%
Banjul UnitedGambia1Mansour Mbye
0%
Beitar JerusalemIsrael1Ilay Madmoun
0%
Birkenhead UnitedNew Zealand1Everton O'Leary
0%
Bonner SCGermany1Roman Doulashi
0%
Bonyrigg White EaglesNew Zealand1Abdullah Aiyas
0%
Borussia MonchengladbachGermany1Shio Fukuda
0%
BotafagoBrazil1Matheus Nascimento
0%
Botev PlovdivBulgaria2Tochukwu Nnadi
0%
Bourg-PéronnasFrance1Brayann Pereira
0%
BrentfordEngland2Matthew Cox
0%
Brighton & Hove AlbionEngland2Imari Samuels, Samy Chouchane
0%
Bristol RoversEngland1Jarell Quansah
0%
Broad CityNigeria1Solomon Agbalaka
0%
BunyodkorUzbekistan2Jakhongir Urozov
0%
Busan IParkSouth Korea1Choi Ye-hoon
0%
CagliariItaly1Adam Gringer
0%
Cape Town CitySouth Africa1Kajally Drammeh
0%
CartagenaSpain1Ibrahim Muhammad
0%
Cerezo OsakaJapan1Sota Kitano
0%
Charlton AthleticEngland1Josh Laqeretabua
0%
ChigatoyUzbekistan1Edem Nemanov
0%
Chungnam AsianSouth Korea1Moon Hyeon-ho
0%
CibaoDominican Republic2Ángel Montes de Oca
0%
CittadellaItaly1Giuseppe Ambrosino
0%
Club AfricainTunisia2Youssef Snana
0%
Colorado RapidsUntied States1Darren Yapi
0%
CortibaBrazil1Jean Pedroso
0%
CortuluáColombia1Alexis Manyoma
0%
Costal SpiritNew Zealand1Apisai Rabuka
0%
Coventry CityEngland2Brooke Norton-Cuffy
0%
Crewe AlexandraEngland1James Beadle
0%
CS SfaxienTunisia2Mahmoud Ghorbel
0%
Daejeon Hana CitizenSouth Korea2Bae Jun-ho
0%
DakkadaNigeria1Daniel Daga
0%
DallasUnited States1Antonio Carrera
0%
Dankook UniversitySouth Korea1Choi Seok-hyeon
0%
Darou SalamSenegal2Oumar Diop
0%
Dartmouth CollegeUnited States1Sebastián Manón
0%
Defensor SportingUruguay4Sebastián Boselli
0%
DeinzeBelgium1Edris Arfaoui
0%
DiambarsSenegal1Mouhamed Guéye
0%
DouanesSenegal1Babacar N'Diang
0%
Eastern SuburbsNew Zealand3Jackson Jarvie
0%
EmelecEcuador2Gilmar Napa
0%
EmpoliItaly3Tommaso Baldanzi
0%
Energetik-BGU MinskBelarus1Abdukodir Khusanov
0%
EnvigadoColombia1Julian Palacios
0%
ErbilIraq1Abdulqader Ayuob
0%
Espérance de TunisTunisia4Zinedine Sassi
0%
Étoile du SahelTunisia2Raed Gazzeh
0%
Fagiano OkayamaJapan2Kodai Sano
0%
Family Worship CentreNigeria1Israel Domingo
0%
FC SeoulSouth Korea3Kang Seoung-jin
0%
FC TokyoJapan2Kuryu Matsuki
0%
FénixUruguay1Ignacio Sosa
0%
FortuneGambia2Moses Jarju
0%
GangwonSouth Korea1Lee Seung-won
0%
Génération FootSenegal3Djibril Diarra
0%
GenoaItaly1Luca Lipani
0%
Giant BrillarsNigeria1Chijoke Anigboso
0%
Gimcheon SangmuSouth Korea2Kin Jun-hong
0%
Gimmnasia y EsgrimaArgentina1Ignacio Miramón
0%
GiuglianoItaly1Jacopo Sassi
0%
Global Soccer AcademyGuatemala1Fausto Delgado
0%
GoréeSenegal4Mouhamed Guéye
0%
GranadaSpain1Mahmudu Bajo
0%
Green Light AcademyNigeria1Kehinde Ibrahim
0%
Guayaquil CityEcuador1Tony Jiménez
0%
GuédiawayeSenegal4Mamadou Gning
0%
Gunjur UnitedGambia1Haruna Rasid Nije
0%
GyeongnamSouth Korea1Lee Chan-wook
0%
Hapoel AshdodIsrael1Shon Edri
0%
Hapoel HaifaIsrael1Noam Ben-Harush
0%
Hapoel JerusalemIsrael1Roy Revivo
0%
Hapoel Ra'ananaIsrael1Ofek Melika-Aharon
0%
Havant & WaterloovilleEngland1Teddy Sharman-Lowe
0%
HawksGambia2Sainey Sanyang
0%
HoffenheimGermany1Justin Che
0%
Honduras ProgresoHonduras1Tomás Sorto
0%
Hosei UniversityJapan1Kosuke Matsumura
0%
Houston DynamoUnited States2Juan Castilla, Xavier Valdez
0%
Huddersfield TownEngland1Etienne Camara
0%
Hull CityEngland2Xavier Simons, Timothée Lo-Tutala
0%
HuracánArgentina1Juan Gauto
0%
IFK GoteborgSweden1Alai Ghasem
0%
IlvesFinland1Alex Ciriaco
0%
Incheon UnitedSouth Korea2Park Hyin-bin
0%
Independiente MedellínColombia2Jorge Cabezas Hurtado
0%
IngolstadtGermany1Enrique Bosl
0%
InterclubeAngola1Modou Lamin Marong
0%
Inter MiamiUnited States3Israel Boatwright
0%
IztapaGuatemala1Carlos Santos
0%
JarabacoaDominican Republic1Anyelo Gómez
0%
Jeonbuk Hyundai MotorsSouth Korea2Park Chang-woo
0%
Kashiwa ReysolJapan1Hayato Tanaka
0%
Katsina UnitedNigeria1Samson Lawal
0%
Kawasaki FrontaleJapan2Kota Takai
0%
Korea UniversitySouth Korea1Kim Jung-hoon
0%
LabasaFiji2Clarence Hussain
0%
LA GalaxyUnited States1Marcus Ferkranus
0%
LautokaFiji2Junior Dekedeke
0%
LazioItaly1Luka Romero
0%
Leeds UnitedEngland2Darko Gyabi
0%
LeganésSpain1Christian Garcia
0%
Le HavreFrance1Antoine Joujou
0%
LinguéreSenegal1Alioune Niang
0%
Ljungskile SKSweden2Kees Sims
0%
LoneHonduras1Jeurgen García
0%
Louisville CityUnited States1Joshua Wynder
0%
Macarthur RamsNew Zealand1Arshad Khan
0%
Maccabi NetanyaIsrael2Tomer Zartafi
0%
Maccabi Petah TikvaIsrael2Ariel Lugasi
0%
MahanaimNigeria1Haliru Sarki
0%
MalacatecoGuatemala1Anderson Villagrán
0%
MallorcaSpain1Daniel Luna
0%
MantovaItaly1Daniele Ghilardi
0%
MarathónHonduras3Odin Ramos
0%
MavlonNigeria2Salim Fago Lawal
0%
Metallurg BekabadUzbekistan2Izzalitllo Pulatov
0%
MiddlesbroughEngland1Aaron Ramsey
0%
Minnesota UnitedUnited States1Geremy Rodas
0%
Mito HollyHokJapan2Hayate Matsuda
0%
MixcoGuatemala1Jeshua Urizar
0%
MocaDominican Republic1Guilermo de Pena
0%
Montevideo CityUruguay1Nicolás Siri
0%
NadiFiji1Eneriko Matau
0%
NadrogaFiji1Isikeli Sevenaia
0%
Naft MaysanIraq2Abbad Fadhil
0%
Nasaf QarshiUzbekistan2Zafarmurod Abdurakhmatov
0%
Nasarawa UnitedNigeria2Benjamin Fredrick
0%
NECNetherlands1Kian Donkers
0%
Neftchi FerganaUzbekistan1Asror Kenzhaev
0%
Nihon UniversityJapan1Ryoya Kimura
0%
NimesFrance1Rayan Nasraoui
0%
O&MDominican Republic1Omry Bello
0%
Oita TrintiaJapan1Yusei Yashiki
0%
OlimpiaHonduras3Heber Núnez
0%
Olympique BéjaTunisia1Mohamed Wael Derbali
0%
Orlando CityUnited States1Michael Halliday
0%
Oslo FASenegal1Mamour N'diaye
0%
PachucaMexico1Fernando Álvarez
0%
Pakhtakor TashkentUzbekistan8Abubakir Ashurov
0%
Peterborough UnitedEngland1Ronnie Edwards
0%
Philadelphia UnionUnited States3Quinn Sullivan
0%
PohronieSlovakia1Adam Danko
0%
PortimonensePortugal1Kim Yong-hak
0%
PotenzaItaly1Norman Garbett
0%
Preston North EndEngland1Liam Delap
0%
Rayo Ciudad AlcobendasSpain1Alejandro Martín
0%
RB LeipzigGermany1Oliver Schmidhauser
0%
Real CartagenaColombia1Daniel Pedrozo
0%
Real de BanjulGambia2Salifu Colley
0%
Real EspanaHonduras7Darlin Mencia
0%
Real Salt LakeUnited States1Diego Luna
0%
Real SapphireNigeria1Jude Sunday
0%
Real SociedadSpain1Jonathan Gómez
0%
Real SociedadHonduras1Maynor Arzu
0%
RegginaItaly1Warren Bondo
0%
RewaFiji1Peter Ravai
0%
RodezFrance1Martin Adeline
0%
RomaItaly2Niccoló Pisilli
0%
RS BerkaneMorocco1Mamadou Lamine Camara
0%
Rubin KazanRussia1Umarali Rakhmonavliev
0%
RutgersUnited States1Néstor Cabrera
0%
Ryutsu Keizai UniversityJapan1Yu Kanoshima
0%
SambaNigeria1Ibrahim Abdullahi
0%
SamorínSlovakia2Bálint Csóka
0%
SampdoriaItaly1Daniele Montevago
0%
San Jose EarthquakesUnited States2Cade Cowell
0%
SassuoloItaly2Gioele Zacchi, Thomas Zouaghi
0%
SC FreiburgGermany1Lee Ji-han
0%
SC PadebornGermany1Bashir Humphreys
0%
Seattle SoundersUnited States1Obed Vargas
0%
SeongnamSouth Korea1Kim Ji-soo
0%
Seoul E-LandSouth Korea1Hwang In-taek
0%
Sheffield UnitedEngland1Daniel Jebbison
0%
Shimizu S-PulseJapan1Shuta Kikuchi
0%
Slovan BratislavaSlovakia2Adam Hrdina
0%
SPALItaly1Matteo Prati
0%
Spartak TrnavaSlovakia2Sebastian Kósa
0%
Stade TunisienTunisia1Ali Saoudi
0%
Steve BikoGambia3Dwmbo Saidykhan
0%
SuchitepéquezGuatemala1Emerson Raymundo
0%
Tailevu NaitasiriFiji1Geary Gubu
0%
Talavera de la ReinaSpain1Souleymane Faye
0%
Tatran Liptosky MikulasSlovakia1Adam Gazi
0%
TavuaFiji2Sakiusa Saqiri
0%
TenerifeSpain1Ba Lamin Sowe
0%
TeunguethSenegal1Muhammed Sawaneh
0%
TigreArgentina1Ferderico Gomes Gerth
0%
TMT FAGambia1Ebrima Jaiteh
0%
Tottenham HotspursEngland2Alfie Devine
0%
TraiskirchenAustria1Ján Murgas
0%
Trelleborgs FFSweden1Abel Ogwuche
0%
TrencinSlovakia3Simon Micuda
0%
TrentoItaly1Sebastiano Desplanchez
0%
TroyesFrance2Tanguy Zoukrou
0%
Turon YaypanUzbekistan1Saidafzalkhon Akhrorov
0%
UC BerkelyUnited States1Allan Juárez
0%
UdineseItaly1Simone Pafundi
0%
UNAMMexico1Stalin Valencia
0%
UPNFMHonduras1Jefryn Macías
0%
Vancouver WhitecapsCanada2Jay Herdman
0%
VictoriaHonduras1Koiton Kelly
0%
VidaHonduras1Marco Aceituno
0%
VolendamNetherlands1Florent Da Silva
0%
V-Varen NagaskiJapan1Taisei Abe
0%
Waa BanjulGambia1Pa Ebou Dampha
0%
WaterNigeria1Nathaniel Nwosu
0%
Wellington PhoenixNew Zealand8Finn Surman
0%
Western SpringsNew Zealand1Jackson Manuel
0%
WolfsburgGermany1Kevin Paredes
0%
Yokohoma F. MarinosJapan1Riku Yamane
0%
Yum YumNigeria1Daniel Bameyi
0%
ZacapaGuatemala1José Espinoza
0%
ZakhoIraq1Omran Zaki
0%
Zeleziarne PodbrezováSlovakia2Dávid Ovsonka
0%
ZilinaSlovakia5Timotej Jambor
0%
Zulte WaregemBelgium1Pape Demba Diop
0%

Score Distribution

Percentile by Number Answered

Percent of People with Each Score

Your Score History

You have not taken this quiz